000
00306nam a22001337a 4500
008
170413b xxu||||| |||| 00| 0 eng d
020
_a
9780879835903
041
_a
eng
080
_a
612.39
100
_a
10
101
_a
SHM
245
_a
DR.BRALY'S FOOD ALLERGY & NUTRITION
_c
BRALY, J
942
_2
udc
_c
BK
999
_c
10677
_d
10677